000 00510nam a22001817a 4500
005 20240325123532.0
008 240325b |||||||| |||| 00| 0 eng d
020 _a9781285196145
082 _a005.74
_bMOR-D
100 _aCoronel
245 _aDatabase systems :
_bDesign, implementation, & management /
_cMorris
260 _aUSA:
_bCengage learning;
_c2015.
300 _axxvi, 750p. :
_bill;
_c27 cm.
500 _ainclude index.
650 _acomputer science/Database
700 _aMorris
999 _c35459
_d35459